Multifaktorová analýza online reputácie subjektov v telekomunikačnom priemysle v SR

Potreba budovania si dobrej firemnej reputácie, na základe ktorej sa podnik usiluje ovplyvňovať svoju výkonnosť. Analýza online reputácie subjektov v telekomunikačnom odvetví na Slovensku, prehĺbenie empirického výskumu a obohatenie problematiky o nové poznatky.

Saved in:
Bibliographic Details
Main Author: Repiská, Radka, 1996-
Format: Book Chapter
Language:English
Subjects:
Tags: Add Tag
No Tags, Be the first to tag this record!

MARC

LEADER 00000naa$a2200000$$$4500
001 0280960
005 20240502074349.6
041 0 |a eng 
044 |a SK 
245 1 0 |a Multifaktorová analýza online reputácie subjektov v telekomunikačnom priemysle v SR  |c Radka Repiská 
520 |a Potreba budovania si dobrej firemnej reputácie, na základe ktorej sa podnik usiluje ovplyvňovať svoju výkonnosť. Analýza online reputácie subjektov v telekomunikačnom odvetví na Slovensku, prehĺbenie empirického výskumu a obohatenie problematiky o nové poznatky. 
610 2 0 |a reputácia podniku 
610 2 0 |a značky 
610 2 0 |a podnik 
610 2 0 |a výkonnosť podniku 
610 2 0 |a telekomunikácie 
100 1 |a Repiská, Radka, 1996-